000 01068nam a22002537a 4500
005 20170124102945.0
010 _aB-155141
020 _c180.00
035 _aB-155141
037 _bCen Lib/Ret
040 _aDPL
_bHN
082 _a821
_bवेदप्र
100 _aवेदप्रकाश, गुरुश्री
_945019
245 _aविरिन्दावन के नाथ साँवरे /
_cगुरुश्री वेदप्रकाश
246 _aVirindavan ke nath saanwre /
_bby Gurushri Vedprakash
260 _aवाराणसी
_bविश्विद्यालय प्रकाशन
_c2004
270 _bवाराणसी
_aचौक
_e221001
300 _a196पृ.
_c21सेमी(सजिल्द)
650 _aहिंदी साहित्य
_949755
650 _aहिंदी साहित्य -- कविता
_93490
650 _aHindi literature
_949756
650 _aHindi literature -- Poetry
_949757
942 _2ddc
_cHN
_h821
_mवेदप्र
999 _c112924
_d112924